[Event "9th HDBank Open 2019"]
[Site "Ho Chi Minh City"]
[Date "2019.03.13"]
[Round "9.30"]
[White "Tokhirjonova, Gulrukhbegim"]
[Black "Pranesh, M."]
[Result "1-0"]
[WhiteElo "2434"]
[BlackElo "2309"]
[Annotator "TA"]
[PlyCount "103"]
[EventDate "2019.03.07"]
[EventType "swiss"]
[EventCountry "VIE"]
[SourceTitle "playchess.com"]
[Source "ChessBase"]
[SourceQuality "1"]

{[%evp 9,102,21,31,36,39,35,44,0,0,6,70,27,35,46,39,35,37,-42,-44,-50,28,35,36,15,31,33,35,14,59,63,79,74,83,45,93,42,102,100,110,105,117,112,196,166,247,226,228,219,218,218,218,218,227,221,224,221,277,252,414,390,634,620,665,655,1569,1506,1298,1110,2295,2226,2197,2062,29987,29988,29988,29989,29989,29990,29990,29988,29991,29986,29992,29991,29991,29992,29992,29993,29993,29994,29997,29998,29998,29999,29999]} 1. e4 e5 2. Nf3 Nc6 3. Bb5 Nf6 4. d3 Bc5 5. c3 {[%cal Bc2c3,Bc3d4][%mdl 32]} d6 {[%cal Bd7d6,Bd6d5][%mdl 32]} (5... d5 6. Nbd2 dxe4 7. dxe4 O-O 8. O-O Qe7 9. b4 Bd6 10. a3 a5 11. Rb1 axb4 12. axb4 Be6 13. Re1 Rfd8 14. Qc2 h6 15. Bf1 Ra2 16. Bb2 Qe8 {½-½ (56) Carlsen,M (2835)-Kramnik,V (2777) Wijk aan Zee 2019}) 6. d4 {C65: Ruy Lopez: Berlin Defence (3...Nf6), unusual lines and 4 0-0 Bc5} exd4 7. cxd4 Bb4+ 8. Kf1 {Black must now prevent Qa4.White is slightly better.} d5 $1 {[%cal Rd5e4]} ({Wrong is} 8... Nxe4 $2 9. a3 $18) 9. e5 Nd7 ({Black should try} 9... Ne4 $11) 10. Qa4 Be7 11. Bxc6 bxc6 12. Qxc6 O-O 13. Qxd5 $146 ({Better is} 13. Kg1 $14 Rb8 14. h4 (14. Qxd5 Bb7 $15)) ({Predecessor:} 13. Be3) 13... c5 $15 14. Nc3 {[%cal Bb1c3,Bc3d5,Bd5b4,Bb4c2,Bc2e3][%mdl 32]} Qc7 (14... Rb8 $15) 15. Qe4 {And now d5 would win.} cxd4 16. Nd5 $1 {[%cal Rd5c7]} Qc4+ 17. Kg1 Bd8 18. b3 $36 {[%mdl 2048] White has some pressure.} Qa6 19. Qxd4 Nb6 20. Nb4 Qb7 21. h3 Be7 22. Kh2 (22. Nc2 $16) 22... a5 (22... Bf5 $14) 23. Nc2 $16 Bf5 24. Ne3 Be4 25. Nd2 Bc6 (25... Bg6 $16) 26. Nf5 $18 f6 (26... Rfd8 {is a better defense.} 27. Qg4 (27. Nxe7+ Qxe7 28. Qe3 Qb7 $16) 27... g6) 27. Nxe7+ Qxe7 28. Nc4 Nxc4 29. Qxc4+ {[%mdl 64] [#] Double Attack} Kh8 30. Bb2 Rac8 {With the idea ...Bxg2.} 31. exf6 gxf6 {Hoping for ...Qd6+.} 32. Qf4 Qg7 {[%csl Gc6][%cal Rg7g2]} 33. f3 Bd7 $2 (33... Qc7 {was called for.} 34. Qxc7 Rxc7) 34. Rac1 {[%cal Ba1c1,Bc1c4,Bc4g4][%mdl 32]} Rb8 $2 (34... Kg8 35. Rhd1 Rxc1 36. Rxc1 h6) 35. Rhd1 Rb4 36. Rc4 Rb7 37. Rd6 Kg8 38. Rxf6 Rxf6 39. Bxf6 Qg6 40. Qd6 Be8 41. Rg4 {White mates.} Rd7 42. Qe6+ Kf8 43. Rxg6 hxg6 44. Be5 a4 45. Bd6+ Kg7 46. Qxe8 Rxd6 {[%mdl 4096] Endgame KQ-KR} 47. Qe7+ {[%mdl 64] [#] Double Attack} Kh6 48. Qxd6 axb3 49. axb3 Kh5 50. Qf8 g5 51. Qf6 Kh4 52. Qh6# {Accuracy: White = 60%, Black = 37%.} 1-0